[Event "Zdar nad Sazavou Vysocina op 8th"]
[Site "Zdar nad Sazavou"]
[Date "2011.09.28"]
[Round "5"]
[White "Suchomelova, Simona"]
[Black "Bukacek, Lubomir Sr"]
[Result "1-0"]
[WhiteElo "1581"]
[BlackElo "1785"]
[PlyCount "73"]
[EventDate "2011.09.24"]
[EventType "swiss"]
[EventRounds "9"]
[EventCountry "CZE"]
[SourceTitle "CBM 144 Extra"]
[Source "ChessBase"]
[SourceDate "2011.10.28"]
[SourceVersion "1"]
[SourceVersionDate "2011.10.28"]
[SourceQuality "1"]

1. e4 c6 2. d4 d5 3. exd5 cxd5 4. Bd3 Nf6 5. Ne2 Nc6 6. c3 Qc7 7. Bf4 Qb6 8. Qb3 Qxb3 9. axb3 g6 10. Nd2 Bg7 11. Ng3 0-0 12. Nf3 a6 13. Ne5 Nd8 14. 0-0 Ng4 15. Nxg4 Bxg4 16. Rfe1 Nc6 17. b4 b5 18. Bc2 Rfc8 19. Bb3 Rd8 20. h3 Bc8 21. Rad1 Ra7 22. Nf1 e6 23. Ne3 f5 24. Bg5 Rdd7 25. Nxd5 Rdb7 26. Bc1 Kf8 27. Nf4 e5 28. dxe5 Rd7 29. Ne6+ Ke8 30. Nxg7+ Rxg7 31. Rd6 Nd8 32. Red1 Rgd7 33. Rxd7 Bxd7 34. Bg5 Ne6 35. Bf6 Rc7 36. Rd6 Rc6 37. Rxc6 1-0